00357nam a22001337a 4500003000400000008004100004082001800045100002100063245007000084260003200154300000900186502001500195650001300210OSt260505b |||||||| |||| 00| 0 eng d a635.658bM66E aMishra, Ram Babu aEffect of Irrigation and Phosphorus on Growth and Yield of Lentil aPusa, SamastipurbRAUc1993 a97P. bMsc.d1993 aAgronomy